000 00427nam a22001697a 4500
005 20180323165605.0
008 160429b xxu||||| |||| 00| 0 eng d
020 _a978-81-2032731-3
041 _aeng
082 _b00934
_a338.502 465 8
100 _aMaheswari, yogesh
_9272
245 _aManagerial Economics
260 _aNew Delhi
_bPHI learning Pvt. Ltd.
_c2005
300 _a283
650 _aManagement
_9241
942 _cBK
999 _c312
_d312